000 00522nam a2200193Ia 4500
003 LK-CoDNM
008 010623t2004 xxu||||| |||| 00| 1 eng d
040 _aLK-CoDNM
_dLK-CoDNM
_eLK-CoDNM
041 _aeng
_asin
_atam
080 _a(x) 398
_bSAM
100 _aSamarasinghe, Jayantha
245 _aකතරගමට පාද්‍යාත්‍රාව
246 _aKataragama foot pilgrimage
260 _bAuthor
_aKotte
_c2004
300 _b90, 21 cm
650 _aCulture
650 _aFolklore
942 _cBK
999 _c123661
_d123661